The Ethnographer's Eye : (Record no. 607810)

MARC details
000 -LEADER
fixed length control field 00510nam a2200193 a 4500
008 - FIXED-LENGTH DATA ELEMENTS--GENERAL INFORMATION
fixed length control field 260108s2001##################000#0#eng##
020 ## - INTERNATIONAL STANDARD BOOK NUMBER
ISBN 9780521774758
082 04 - DEWEY DECIMAL CLASSIFICATION NUMBER
Classification number 301.078
Item number GRI
100 1# - MAIN ENTRY--AUTHOR NAME
Personal name Grimshaw, Anna,
245 10 - TITLE STATEMENT
Title The Ethnographer's Eye :
260 ## - PUBLICATION, DISTRIBUTION, ETC. (IMPRINT)
Name of publisher Cambridge University Press,
Year of publication 2001.
300 ## - PHYSICAL DESCRIPTION
Number of Pages 246 pages
650 #0 - SUBJECT ADDED ENTRY--TOPICAL TERM
Topical Term Performing Arts.
942 ## - ADDED ENTRY ELEMENTS (KOHA)
Koha item type English Books
Holdings
Withdrawn status Lost status Damaged status Not for loan Home library Current library Shelving location Date acquired Full call number Accession Number Price effective from Koha item type
        Anna Centenary Library Anna Centenary Library 3RD FLOOR, B WING 08.01.2026 301.078 GRI 234744 08.01.2026 English Books

Find us on the map